000
00201 a2200097 4500
001
2358
100
_a
Goodwin, R
245
_a
Space frontier unlimited
260
_a
_b
Nostrand
_c
090
_c
1713
_d
1713
942
_a
NUST-CAE
_c
M
_c
7925
999
_c
237431
_d
237431